La Cultura en Polonia (Record no. 883)

000 -CABECERA
fixed length control field 00832nam a22002417a 4500
003 - IDENTIFICADOR DEL NÚMERO DE CONTROL
control field AR-CdUCM
008 - DATOS DE LONGITUD FIJA--INFORMACIÓN GENERAL
fixed length control field 190225b ||||| |||| 00| 0 spa d
040 ## - FUENTE DE LA CATALOGACIÓN
Agencia/entidad que catalogó originalmente la obra MUNICIPALIDAD PROVINCIAL DEL CUSCO
Entidad que transcribió la catalogación BIBLIOTECA MUNICIPAL DEL CUSCO
082 ## - NÚMERO DE LA CLASIFICACIÓN DECIMAL DEWEY
No. de Clasificación 943.8 /
Notacion interna G454
100 ## - ENTRADA PRINCIPAL--NOMBRE DE PERSONA
Nombre Personal Gielzynski, Wojciech
245 ## - MENCIÓN DE TÍTULO
Título La Cultura en Polonia
260 ## - PUBLICACIÓN, DISTRIBUCIÓN, ETC.
Lugar de publicación, distribución, etc. Polonia :
Nombre de la editorial, distribuidor, etc. Ediciones Interpress ;
Fecha de publicación, distribución, etc. 1978.
300 ## - DESCRIPCIÓN FÍSICA
Nº de Páginas Extensión 101 páginas
Otros detalles físicos fotografías
Dimensiones 20cm
505 ## - NOTA DE CONTENIDO CON FORMATO
Nota de contenido formateada Historia de Polonia -- Monumentos arquitectónicos -- Música -- Teatro -- Las Artes Plásticas -- Cultura Popular
650 ## - PUNTO DE ACCESO ADICIONAL DE MATERIA--TÉRMINO DE MATERIA
Descriptor cultura polaca
9 (RLIN) 3386
650 ## - PUNTO DE ACCESO ADICIONAL DE MATERIA--TÉRMINO DE MATERIA
Descriptor teatro polaco
9 (RLIN) 3387
650 ## - PUNTO DE ACCESO ADICIONAL DE MATERIA--TÉRMINO DE MATERIA
Descriptor tradiciones
9 (RLIN) 229
650 ## - PUNTO DE ACCESO ADICIONAL DE MATERIA--TÉRMINO DE MATERIA
Descriptor escuela polaca de cine
9 (RLIN) 3388
650 ## - PUNTO DE ACCESO ADICIONAL DE MATERIA--TÉRMINO DE MATERIA
Descriptor literatura polaca
9 (RLIN) 3389
942 ## - ELEMENTOS DE PUNTO DE ACCESO ADICIONAL (KOHA)
Fuente de clasificación
Tipo de item Libros-BMC
945 ## - PROCESAMIENTO DE INFORMACIÓN LOCAL (OCLC)
Catalogador nom
AAAA-MM-DD - Fecha de ingreso o modificacion 2019-02-25
Holdings
Estado de retiro (separado) Fuente de clasificación o esquema de estanterías Estado dañado Ubicación Sala donde se ubica Nombre de la colección Fecha de adquisición o compra Costo, precio normal en soles Signatura topográfica Código de Barras Última vez visto (Koha) Tipo de ítem (Koha)
No     Sala Humanidades Sala Humanidades Book Cart 2019-02-25 10.00 943.8 / G454 SH0000000884 2019-02-25 Libros-BMC

Powered by Koha